[Event "ODEM U25 2010"]
[Site "Oberhof GER"]
[Date "2010.05.25"]
[Round "5"]
[White "Kirn, Philipp Sebastian"]
[Black "Höpfner, Tim"]
[Result "0-1"]
[Termination "normal"]
[Board "19"]
[WhiteElo "1099"]
[BlackElo "1877"]
[PlyCount "68"]
[BlackFideId "4638310"]
[EventCountry "GER"]
[EventRounds "9"]
[EventType "swiss"]
[EventDate "2010.05.22"]

1. d4 Nf6 2. c4 g6 3. Nc3 Bg7 4. e4 d6 5. Be3 O-O 6. Qd2 e5 7. d5 Ng4 8. Nf3
Nxe3 9. Qxe3 Nd7 10. h4 h5 11. Be2 a5 12. Nd2 Nf6 13. f3 Kh7 14. O-O-O Qe7 15.
Rdg1 c6 16. g4 Bd7 17. g5 Ne8 18. f4 exf4 19. Qxf4 Nc7 20. Qe3 cxd5 21. cxd5
Rfc8 22. Qg3 b5 23. Bxh5 gxh5 24. g6+ fxg6 25. Qxg6+ Kg8 26. Rf1 b4 27. Nf3 Ne8
28. Rhg1 Bg4 29. Ng5 Nf6 30. Rxf6 Qxf6 31. Qh7+ Kf8 32. Rxg4 hxg4 33. Ne6+ Kf7
34. Ng5+ Ke7 0-1

[Event "ODEM U25 2010"]
[Site "Oberhof GER"]
[Date "2010.05.25"]
[Round "5"]
[White "Schneider, Johannes"]
[Black "Matschewsky, Justus"]
[Result "0-1"]
[Termination "normal"]
[Board "20"]
[WhiteElo "1801"]
[BlackElo "1727"]
[PlyCount "82"]
[WhiteFideId "24687260"]
[BlackFideId "24678708"]
[EventCountry "GER"]
[EventRounds "9"]
[EventType "swiss"]
[EventDate "2010.05.22"]

1. d4 Nf6 2. c4 e6 3. Nc3 Bb4 4. Qc2 c5 5. dxc5 Bxc5 6. Nf3 Nc6 7. Bg5 h6 8.
Bh4 b6 9. Rd1 Be7 10. e3 Bb7 11. Be2 Rc8 12. O-O O-O 13. Rd2 Nb4 14. Qb3 Na6
15. Rfd1 Nc5 16. Qc2 Nfe4 17. Bxe7 Qxe7 18. Rd4 Nxc3 19. Qxc3 Ne4 20. Qd3 Nc5
21. Qd2 d5 22. cxd5 Bxd5 23. b4 Ne4 24. Qd3 Nc3 25. Rd2 Bxa2 26. Rc2 Bb1 27.
Rc4 Nxe2+ 28. Qxe2 Bxc2 29. Qxc2 Qb7 30. h3 Rxc4 31. Qxc4 Qd5 32. Qc7 Qb3 33.
Qe7 a5 34. bxa5 bxa5 35. Qc5 a4 36. Nd4 Qb1+ 37. Kh2 Qb2 38. Nb5 Rb8 39. Na3
Qxf2 40. Qa7 Rb4 41. Nb1 Qb2 0-1

[Event "ODEM U25 2010"]
[Site "Oberhof GER"]
[Date "2010.05.25"]
[Round "5"]
[White "Mainik, Philipp"]
[Black "Grötzbach, Daniel"]
[Result "1-0"]
[Termination "normal"]
[Board "21"]
[WhiteElo "1716"]
[BlackElo "1798"]
[PlyCount "83"]
[WhiteFideId "4638646"]
[BlackFideId "24692166"]
[EventCountry "GER"]
[EventRounds "9"]
[EventType "swiss"]
[EventDate "2010.05.22"]

1. e4 c5 2. Nf3 d6 3. d4 cxd4 4. Nxd4 Nf6 5. Nc3 a6 6. Bc4 e6 7. a3 Nbd7 8. O-O
Nc5 9. Re1 b5 10. Ba2 Qc7 11. Bg5 Be7 12. Qd2 O-O 13. Rad1 Bd7 14. f4 Kh8 15.
Kh1 Rac8 16. f5 e5 17. Nf3 Bc6 18. Bxf6 gxf6 19. Nd5 Bxd5 20. Bxd5 Na4 21. c3
Nb6 22. g3 Nxd5 23. Qxd5 Qc5 24. Kg2 Qxd5 25. Rxd5 Rc5 26. Red1 Rxd5 27. Rxd5
Rc8 28. Nd2 Rc5 29. Kf3 Kg7 30. h4 Kf8 31. Ke3 Ke8 32. Kd3 Bf8 33. b4 Rc8 34.
c4 bxc4+ 35. Nxc4 Rc6 36. a4 Kd7 37. Ra5 Be7 38. b5 axb5 39. axb5 Rc7 40. b6
Rb7 41. Ra7 Kc8 42. Na5 1-0

[Event "ODEM U25 2010"]
[Site "Oberhof GER"]
[Date "2010.05.25"]
[Round "5"]
[White "Yin, Stanley"]
[Black "Kühne, Niklas"]
[Result "1-0"]
[Termination "normal"]
[Board "22"]
[WhiteElo "1976"]
[BlackElo "1652"]
[PlyCount "63"]
[WhiteFideId "24622729"]
[BlackFideId "24690015"]
[EventCountry "GER"]
[EventRounds "9"]
[EventType "swiss"]
[EventDate "2010.05.22"]

1. c4 c5 2. g3 Nc6 3. Bg2 Nf6 4. Nf3 g6 5. b3 Bg7 6. Bb2 O-O 7. O-O d6 8. e3
Bd7 9. d4 b6 10. d5 Na5 11. Nbd2 e5 12. dxe6 fxe6 13. Ng5 Rc8 14. f4 Qe7 15.
Nde4 Nxe4 16. Bxg7 Kxg7 17. Nxe4 Bc6 18. Qxd6 Qxd6 19. Nxd6 Bxg2 20. Kxg2 Rcd8
21. Rad1 Kg8 22. Nb5 a6 23. Nc7 Rxd1 24. Rxd1 Rf7 25. Rd8+ Kg7 26. Nxe6+ Kh6
27. Ng5 Re7 28. e4 b5 29. cxb5 axb5 30. Rd5 Rc7 31. Ne6 Re7 32. Nxc5 1-0

[Event "ODEM U25 2010"]
[Site "Oberhof GER"]
[Date "2010.05.25"]
[Round "5"]
[White "Kast, Joannis"]
[Black "Wang, Julia"]
[Result "1-0"]
[Termination "normal"]
[Board "23"]
[WhiteElo "1733"]
[BlackElo "1722"]
[PlyCount "83"]
[WhiteFideId "24698776"]
[BlackFideId "24692565"]
[EventCountry "GER"]
[EventRounds "9"]
[EventType "swiss"]
[EventDate "2010.05.22"]

1. e4 c6 2. c4 d5 3. exd5 cxd5 4. cxd5 Qxd5 5. Nc3 Qa5 6. Nf3 Nf6 7. d4 Bf5 8.
Bb5+ Nbd7 9. O-O a6 10. Bd3 Bxd3 11. Qxd3 e6 12. Re1 Be7 13. Bd2 O-O 14. Ne4
Qb6 15. b3 Rfd8 16. Be3 Nd5 17. Neg5 g6 18. h4 Rac8 19. Rac1 Bb4 20. Red1 Nc3
21. Rd2 Nd5 22. Rdd1 Ba3 23. Rxc8 Rxc8 24. h5 Rc3 25. Qb1 Nxe3 26. fxe3 Rxe3
27. hxg6 hxg6 28. Qc2 Qc6 29. Qf2 Bc1 30. Nh4 f6 31. Nxg6 Kg7 32. Ne7 Qc7 33.
Rf1 Kf8 34. Ng6+ Kg7 35. Nf4 fxg5 36. Nxe6+ Rxe6 37. Qf7+ Kh8 38. Qxe6 Bf4 39.
g3 Bd6 40. Qh6+ Kg8 41. Qxg5+ Kh8 42. Rf7 1-0

[Event "ODEM U25 2010"]
[Site "Oberhof GER"]
[Date "2010.05.25"]
[Round "5"]
[White "Jorczik, Andreas Carlos"]
[Black "Holle, Eric"]
[Result "0-1"]
[Termination "normal"]
[Board "24"]
[WhiteElo "1779"]
[BlackElo "1694"]
[PlyCount "63"]
[WhiteFideId "24634921"]
[BlackFideId "4624610"]
[EventCountry "GER"]
[EventRounds "9"]
[EventType "swiss"]
[EventDate "2010.05.22"]

1. d4 e6 2. c4 Nf6 3. Nc3 c5 4. e3 d5 5. Nf3 Nc6 6. Be2 dxc4 7. Bxc4 cxd4 8.
Nxd4 Nxd4 9. exd4 Bd6 10. O-O Bxh2+ 11. Kh1 Bc7 12. Nb5 Bb8 13. Bg5 a6 14. Na3
Qd6 15. g3 h5 16. Bf4 Qc6+ 17. f3 Bxf4 18. gxf4 Nd5 19. Bxd5 Qxd5 20. b3 b5 21.
Nc2 Qf5 22. Qd2 Bb7 23. Rac1 Qh3+ 24. Qh2 Bxf3+ 25. Kg1 Qxh2+ 26. Kxh2 Bb7 27.
f5 exf5 28. Rxf5 g6 29. Re1+ Kf8 30. Rfe5 Kg7 31. d5 Rad8 32. Rd1 0-1

[Event "ODEM U25 2010"]
[Site "Oberhof GER"]
[Date "2010.05.25"]
[Round "5"]
[White "Hartewig, Philipp"]
[Black "Klosa, Kevin"]
[Result "0-1"]
[Termination "normal"]
[Board "25"]
[WhiteElo "1650"]
[BlackElo "1493"]
[PlyCount "70"]
[WhiteFideId "1270639"]
[BlackFideId "12900206"]
[EventCountry "GER"]
[EventRounds "9"]
[EventType "swiss"]
[EventDate "2010.05.22"]

1. d4 Nf6 2. c4 g6 3. Nc3 d5 4. cxd5 Nxd5 5. e4 Nxc3 6. bxc3 Bg7 7. Bb5+ c6 8.
Ba4 O-O 9. Ne2 Bd7 10. O-O Qa5 11. Rb1 b5 12. Bb3 Qc7 13. f4 c5 14. f5 c4 15.
Bc2 a6 16. Bf4 Qb6 17. Kh1 Nc6 18. Qd2 a5 19. Bh6 b4 20. Bxg7 Kxg7 21. Rf3 Rh8
22. e5 h6 23. Rg3 Be8 24. h4 h5 25. Nf4 bxc3 26. Rxb6 cxd2 27. fxg6 Nxd4 28.
gxf7+ Kxf7 29. Rbg6 Kf8 30. Rg7 Ra6 31. Bd1 Nf5 32. Ng6+ Bxg6 33. R7xg6 Rxg6
34. Rxg6 Ne3 35. Bf3 c3 0-1

[Event "ODEM U25 2010"]
[Site "Oberhof GER"]
[Date "2010.05.25"]
[Round "5"]
[White "Orhan, Eda"]
[Black "Geldner, Gerrit"]
[Result "0-1"]
[Termination "normal"]
[Board "26"]
[WhiteElo "1778"]
[BlackElo "1594"]
[PlyCount "32"]
[WhiteFideId "24659258"]
[BlackFideId "24678929"]
[EventCountry "GER"]
[EventRounds "9"]
[EventType "swiss"]
[EventDate "2010.05.22"]

1. d4 f5 2. Nf3 e6 3. c4 Nf6 4. Nc3 Bb4 5. Bg5 O-O 6. Qc2 b6 7. e3 Bb7 8. Be2
Qe8 9. O-O Bxc3 10. bxc3 Ne4 11. Bf4 d6 12. a4 Qg6 13. a5 Nd7 14. Qb2 Rfe8 15.
axb6 cxb6 16. Bxd6 Nxd6 0-1

[Event "ODEM U25 2010"]
[Site "Oberhof GER"]
[Date "2010.05.25"]
[Round "5"]
[White "Velina, Valeria"]
[Black "Hefner, Felix"]
[Result "0-1"]
[Termination "normal"]
[Board "27"]
[WhiteElo "1776"]
[BlackElo "1597"]
[PlyCount "94"]
[WhiteFideId "24677345"]
[BlackFideId "12910651"]
[EventCountry "GER"]
[EventRounds "9"]
[EventType "swiss"]
[EventDate "2010.05.22"]

1. e4 e5 2. Bc4 Nf6 3. d3 d6 4. Nf3 Be7 5. O-O O-O 6. c3 Nbd7 7. Bb3 c6 8. Re1
Nc5 9. Bc2 b5 10. Nbd2 Bb7 11. Nf1 Re8 12. Ng3 g6 13. h3 Ne6 14. Be3 a6 15. d4
exd4 16. cxd4 c5 17. d5 Nf8 18. Nh2 N8d7 19. f4 Bf8 20. h4 h5 21. f5 Ne5 22.
fxg6 fxg6 23. Bg5 Be7 24. Qd2 Nfg4 25. Nf3 Nxf3+ 26. gxf3 Ne5 27. Kg2 Rf8 28.
Rf1 Nc4 29. Qc1 Bxg5 30. hxg5 Qe7 31. f4 Bc8 32. b3 Nb6 33. Qe3 Nxd5 34. Qd2
Nb4 35. Rae1 Nxc2 36. Qxc2 Bb7 37. Kg1 Qe6 38. f5 Qe5 39. Qd3 h4 40. Nh1 Rae8
41. Nf2 Qf4 42. fxg6 Qxg5+ 43. Kh2 Qe5+ 44. Kg1 Rf6 45. Qh3 Rxg6+ 46. Kh1 Qg3
47. Qh2 Qf3+ 0-1

[Event "ODEM U25 2010"]
[Site "Oberhof GER"]
[Date "2010.05.25"]
[Round "5"]
[White "Wachinger, David"]
[Black "Bischoff, Nico"]
[Result "1/2-1/2"]
[Termination "normal"]
[Board "28"]
[WhiteElo "1500"]
[BlackElo "1518"]
[PlyCount "63"]
[WhiteFideId "24692689"]
[BlackFideId "24661007"]
[EventCountry "GER"]
[EventRounds "9"]
[EventType "swiss"]
[EventDate "2010.05.22"]

1. d4 d5 2. c4 c6 3. Nc3 Nf6 4. Bg5 dxc4 5. e4 Bg4 6. f3 Bh5 7. Bxc4 b5 8. Bb3
e6 9. a3 Be7 10. Nh3 Nbd7 11. O-O Qb6 12. Kh1 h6 13. Bxf6 Nxf6 14. Nf4 g5 15.
Nh3 O-O 16. e5 Nd5 17. Nxd5 cxd5 18. Qd2 Bg6 19. f4 g4 20. Ng1 h5 21. Ne2 Kg7
22. Bc2 Bxc2 23. Qxc2 Rac8 24. Qd3 f5 25. exf6+ Rxf6 26. f5 Rcf8 27. Ng3 Kh8
28. Qe3 e5 29. Nxh5 Rxf5 30. Rxf5 Rxf5 31. Ng3 Rg5 32. Rd1 1/2-1/2

[Event "ODEM U25 2010"]
[Site "Oberhof GER"]
[Date "2010.05.25"]
[Round "5"]
[White "Dohmann, Dorothea"]
[Black "Leddin, Mathias"]
[Result "1/2-1/2"]
[Termination "normal"]
[Board "29"]
[WhiteElo "1844"]
[BlackElo "1672"]
[PlyCount "86"]
[WhiteFideId "12915459"]
[BlackFideId "4654684"]
[EventCountry "GER"]
[EventRounds "9"]
[EventType "swiss"]
[EventDate "2010.05.22"]

1. c4 e5 2. Nc3 Nf6 3. g3 d5 4. cxd5 Nxd5 5. Bg2 c6 6. Nf3 Bd6 7. O-O O-O 8. d3
Na6 9. Nd2 Nac7 10. Nxd5 Nxd5 11. Qb3 Nb6 12. Nc4 Be6 13. Qc3 Nxc4 14. dxc4 Qc7
15. b3 c5 16. Bb2 Bd7 17. f4 f6 18. f5 Bc6 19. Bd5+ Bxd5 20. cxd5 a5 21. Rac1
Rac8 22. Qf3 b6 23. Rc4 Rf7 24. Qh5 h6 25. Rh4 Kf8 26. Rc1 Ke7 27. Rcc4 Rg8 28.
Qg6 Rff8 29. Rcg4 Kd8 30. Qh7 Qf7 31. Rxh6 Rh8 32. Qxh8 Rxh8 33. Rxh8+ Bf8 34.
a3 Ke8 35. e4 Qa7 36. Kf1 Qa6+ 37. Ke1 Kf7 38. Rh7 Qd3 39. Bc1 Qf3 40. h3 Qc3+
41. Bd2 Qxb3 42. Bh6 Qb1+ 43. Kd2 Qb2+ 1/2-1/2

[Event "ODEM U25 2010"]
[Site "Oberhof GER"]
[Date "2010.05.25"]
[Round "5"]
[White "Oltmanns, Bianca"]
[Black "Senf, Paul"]
[Result "1-0"]
[Termination "normal"]
[Board "30"]
[WhiteElo "1402"]
[BlackElo "1593"]
[PlyCount "103"]
[WhiteFideId "24698008"]
[BlackFideId "12900389"]
[EventCountry "GER"]
[EventRounds "9"]
[EventType "swiss"]
[EventDate "2010.05.22"]

1. e4 c6 2. d4 d5 3. exd5 cxd5 4. Bd3 Nc6 5. c3 g6 6. Bf4 Bg7 7. Nf3 Nf6 8. O-O
O-O 9. Re1 Re8 10. Nbd2 Bd7 11. Ne5 a6 12. Qb3 b5 13. Ndf3 e6 14. Qc2 Rc8 15.
Qd2 Na5 16. b3 Nc6 17. h3 Qb6 18. Bg5 Nxe5 19. Nxe5 Qd8 20. Ng4 h5 21. Ne5 Rc7
22. Rac1 Bc6 23. Qf4 Qe7 24. Re3 Qa3 25. Rc2 Nh7 26. Nxg6 Ra7 27. Ne5 Ba8 28.
Bh6 f5 29. Be2 Nf6 30. Bxg7 Rxg7 31. Qh6 Qe7 32. Ng6 Qc7 33. Qh8+ Kf7 34. Ne5+
Qxe5 35. Qxe8+ Nxe8 36. Bxh5+ Kf6 37. Rxe5 Nd6 38. Re3 Ne4 39. Bd1 Rc7 40. f3
Nd6 41. Rce2 Re7 42. Bc2 f4 43. Rd3 Nf5 44. Kh1 Bc6 45. Rdd2 a5 46. Bxf5 Kxf5
47. Rc2 Be8 48. c4 bxc4 49. bxc4 dxc4 50. Rxc4 Kf6 51. Rc5 a4 52. Re4 1-0

[Event "ODEM U25 2010"]
[Site "Oberhof GER"]
[Date "2010.05.25"]
[Round "5"]
[White "Alt, Elisabeth"]
[Black "Mehling, Franziska"]
[Result "1/2-1/2"]
[Termination "normal"]
[Board "31"]
[WhiteElo "1362"]
[BlackElo "1477"]
[PlyCount "62"]
[WhiteFideId "24692620"]
[BlackFideId "12900133"]
[EventCountry "GER"]
[EventRounds "9"]
[EventType "swiss"]
[EventDate "2010.05.22"]

1. e4 c5 2. d4 cxd4 3. c3 Nf6 4. e5 Nd5 5. cxd4 Nc6 6. Nf3 d6 7. Bc4 Nb6 8. Bb3
dxe5 9. dxe5 Qxd1+ 10. Bxd1 Bg4 11. Bf4 e6 12. O-O Nd5 13. Bg3 Be7 14. Nbd2 O-O
15. Rc1 Rfd8 16. h3 Bh5 17. Ne4 Ndb4 18. Nc3 Rab8 19. Be2 Bxf3 20. Bxf3 Nd3 21.
Rc2 Ncxe5 22. Be2 Nb4 23. Rcc1 Nbc6 24. Bb5 Rbc8 25. Rfd1 Rxd1+ 26. Rxd1 Rd8
27. Rc1 Rd2 28. Na4 h6 29. Bxe5 Nxe5 30. Rc7 a6 31. Bxa6 bxa6 1/2-1/2

[Event "ODEM U25 2010"]
[Site "Oberhof GER"]
[Date "2010.05.25"]
[Round "5"]
[White "Rosenberger, Andreas"]
[Black "Weber, Yannik"]
[Result "1/2-1/2"]
[Termination "normal"]
[Board "32"]
[WhiteElo "1441"]
[BlackElo "1285"]
[PlyCount "37"]
[WhiteFideId "12900192"]
[BlackFideId "24692700"]
[EventCountry "GER"]
[EventRounds "9"]
[EventType "swiss"]
[EventDate "2010.05.22"]

1. e4 e5 2. Nf3 Nc6 3. d4 exd4 4. Nxd4 Bc5 5. Be3 Qf6 6. c3 Nge7 7. Bc4 O-O 8.
O-O d6 9. f3 Ne5 10. Be2 Qg6 11. Nc2 Bh3 12. Rf2 Bxe3 13. Nxe3 Be6 14. f4 Qxe4
15. fxe5 Qxe3 16. exd6 cxd6 17. Qxd6 Qc1+ 18. Bf1 Nf5 19. Qd2 1/2-1/2

[Event "ODEM U25 2010"]
[Site "Oberhof GER"]
[Date "2010.05.25"]
[Round "5"]
[White "Heinz, Maria"]
[Black "Bauch, Florian"]
[Result "0-1"]
[Termination "normal"]
[Board "34"]
[WhiteElo "1203"]
[BlackElo "1251"]
[PlyCount "44"]
[EventCountry "GER"]
[EventRounds "9"]
[EventType "swiss"]
[EventDate "2010.05.22"]

1. e4 e5 2. Nf3 Nf6 3. Nc3 Bb4 4. Bc4 Nc6 5. a3 Bxc3 6. dxc3 Nxe4 7. Qe2 Nd6 8.
Nxe5 O-O 9. O-O Nxe5 10. Qxe5 Nxc4 11. Qg3 d6 12. Bg5 f6 13. Bh6 Rf7 14. b3 Kh8
15. Bf4 Ne5 16. Rae1 b6 17. Re3 Bb7 18. h4 Qd7 19. Rfe1 Re8 20. h5 Rg8 21. Rd1
Qf5 22. Qh4 Qxc2 0-1

[Event "ODEM U25 2010"]
[Site "Oberhof GER"]
[Date "2010.05.26"]
[Round "6"]
[White "Seidler, Lukas"]
[Black "Wurm, Alexander"]
[Result "1/2-1/2"]
[Termination "normal"]
[Board "2"]
[WhiteElo "2089"]
[BlackElo "2063"]
[PlyCount "49"]
[WhiteFideId "12900095"]
[BlackFideId "24637246"]
[EventCountry "GER"]
[EventRounds "9"]
[EventType "swiss"]
[EventDate "2010.05.22"]

1. e4 e6 2. d4 d5 3. Nc3 Nf6 4. Bg5 Be7 5. e5 Nfd7 6. Bxe7 Qxe7 7. f4 a6 8. Nf3
c5 9. Qd2 Nc6 10. dxc5 Nxc5 11. O-O-O b5 12. Bd3 b4 13. Ne2 a5 14. Ned4 Nxd4
15. Nxd4 Ba6 16. Kb1 O-O 17. Qe3 Rfc8 18. f5 a4 19. f6 gxf6 20. exf6 Qxf6 21.
Rhf1 Qg7 22. Rf3 Bxd3 23. cxd3 Kh8 24. Rg3 Qf6 25. Rf3 1/2-1/2

[Event "ODEM U25 2010"]
[Site "Oberhof GER"]
[Date "2010.05.26"]
[Round "6"]
[White "Künstler, Christian"]
[Black "Isakson, Alex"]
[Result "1/2-1/2"]
[Termination "normal"]
[Board "3"]
[WhiteElo "2005"]
[BlackElo "1926"]
[PlyCount "31"]
[WhiteFideId "24602361"]
[BlackFideId "24637351"]
[EventCountry "GER"]
[EventRounds "9"]
[EventType "swiss"]
[EventDate "2010.05.22"]

1. d4 d5 2. c4 c6 3. e3 Nf6 4. Nf3 g6 5. Nc3 Bg7 6. Qb3 O-O 7. Bd2 Qb6 8. Qxb6
axb6 9. cxd5 cxd5 10. Bd3 Nc6 11. O-O Bf5 12. Bxf5 gxf5 13. Rfc1 Rfc8 14. Nb5
Ne4 15. Be1 e6 16. Nd2 1/2-1/2

[Event "ODEM U25 2010"]
[Site "Oberhof GER"]
[Date "2010.05.26"]
[Round "6"]
[White "Magnussen, Helge"]
[Black "Feller, Florian"]
[Result "1-0"]
[Termination "normal"]
[Board "5"]
[WhiteElo "2063"]
[BlackElo "1933"]
[PlyCount "107"]
[WhiteFideId "24632651"]
[BlackFideId "4640896"]
[EventCountry "GER"]
[EventRounds "9"]
[EventType "swiss"]
[EventDate "2010.05.22"]

1. d4 Nf6 2. c4 e6 3. Nc3 Bb4 4. e3 b6 5. Nge2 Bb7 6. a3 Be7 7. d5 O-O 8. Ng3
d6 9. Bd3 Nbd7 10. O-O Ne5 11. Be2 Nfd7 12. f4 Ng6 13. Bd3 Bf6 14. Bd2 exd5 15.
cxd5 Nc5 16. Bxg6 fxg6 17. b4 Nd7 18. Rc1 a6 19. Qb3 Re8 20. Nce2 Rc8 21. Qd3
Qe7 22. Kf2 Bh4 23. Kg1 Nf6 24. Nc3 Bxg3 25. hxg3 Ne4 26. Rf3 Nxc3 27. Bxc3 Qe4
28. Rd1 Rcd8 29. g4 Rd7 30. g5 Qxd3 31. Rxd3 Rf7 32. Rf1 h6 33. gxh6 gxh6 34.
Kf2 Bc8 35. Rc1 Bf5 36. Rdd1 Be4 37. Bb2 Ree7 38. Rc4 Rf5 39. g4 Rff7 40. Rdd4
Bb1 41. Rc1 Be4 42. Rcc4 Bb1 43. Kf3 Re8 44. Rc1 Ba2 45. Rh1 Rfe7 46. e4 Rh7
47. Rd2 Bc4 48. Ke3 Bb3 49. Bf6 Rf7 50. g5 h5 51. Kd4 Rh7 52. f5 Kf7 53. Rc1
Rc8 54. Rd3 1-0

[Event "ODEM U25 2010"]
[Site "Oberhof GER"]
[Date "2010.05.26"]
[Round "6"]
[White "Simon, Christopher"]
[Black "Bulygin, Anton"]
[Result "1-0"]
[Termination "normal"]
[Board "6"]
[WhiteElo "1922"]
[BlackElo "2051"]
[PlyCount "53"]
[WhiteFideId "24618772"]
[BlackFideId "24143022"]
[EventCountry "GER"]
[EventRounds "9"]
[EventType "swiss"]
[EventDate "2010.05.22"]

1. e4 h5 2. d4 c6 3. Nc3 d5 4. e5 Bf5 5. Bd3 e6 6. Nf3 Be7 7. Ne2 g5 8. Bxf5
exf5 9. Qd3 f4 10. Bd2 Nd7 11. h4 g4 12. Ng5 c5 13. e6 Bxg5 14. exd7+ Qxd7 15.
hxg5 c4 16. Qc3 O-O-O 17. O-O-O Ne7 18. Nxf4 h4 19. Rde1 Nf5 20. Re5 Ne7 21.
Qa3 h3 22. gxh3 Nc6 23. Rxd5 Qxd5 24. Nxd5 Rxd5 25. Be3 gxh3 26. Qa4 b5 27.
Qa6+ 1-0

[Event "ODEM U25 2010"]
[Site "Oberhof GER"]
[Date "2010.05.26"]
[Round "6"]
[White "Hundt, Fabian"]
[Black "Weber, Max"]
[Result "0-1"]
[Termination "normal"]
[Board "7"]
[WhiteElo "1948"]
[BlackElo "1888"]
[PlyCount "54"]
[WhiteFideId "4645294"]
[BlackFideId "4624831"]
[EventCountry "GER"]
[EventRounds "9"]
[EventType "swiss"]
[EventDate "2010.05.22"]

1. d4 Nf6 2. Nf3 g6 3. g3 Bg7 4. Bg2 O-O 5. O-O d5 6. c4 dxc4 7. Ne5 c6 8. Nxc4
Be6 9. Nca3 Nbd7 10. Nc3 Nb6 11. e4 Qd7 12. Re1 Rad8 13. Nc2 Bg4 14. Qd3 e5 15.
Be3 exd4 16. Qxd4 Nfd5 17. e5 Nxe3 18. Qxe3 Qd2 19. Qxd2 Rxd2 20. Ne3 Be6 21.
Ned1 Nc4 22. Ne4 Rc2 23. Nc5 Nxe5 24. Nxb7 Nd3 25. Re3 Nxb2 26. Nxb2 Rxb2 27.
Bxc6 Rxb7 0-1

[Event "ODEM U25 2010"]
[Site "Oberhof GER"]
[Date "2010.05.26"]
[Round "6"]
[White "Baier, Christoph"]
[Black "Zuferi, Enis"]
[Result "0-1"]
[Termination "normal"]
[Board "8"]
[WhiteElo "1841"]
[BlackElo "1853"]
[PlyCount "56"]
[WhiteFideId "24655759"]
[BlackFideId "24692530"]
[EventCountry "GER"]
[EventRounds "9"]
[EventType "swiss"]
[EventDate "2010.05.22"]

1. d4 Nf6 2. Nf3 g6 3. g3 c5 4. Bg2 cxd4 5. Nxd4 Bg7 6. O-O O-O 7. c4 Nc6 8.
Nc3 a6 9. Nxc6 bxc6 10. c5 Qc7 11. Na4 d5 12. Nb6 Rb8 13. Nxc8 Rfxc8 14. Bh3
Rd8 15. Qa4 Ne4 16. Qxa6 Nxc5 17. Qa3 Qd6 18. Bf4 e5 19. Bg5 Ra8 20. Qf3 Rdb8
21. Rab1 Ne4 22. Be3 Rxa2 23. Rfc1 Rbxb2 24. Rxb2 Rxb2 25. Bg2 f5 26. Rd1 Nc3
27. Re1 e4 28. Qxe4 dxe4 0-1

[Event "ODEM U25 2010"]
[Site "Oberhof GER"]
[Date "2010.05.26"]
[Round "6"]
[White "Siebarth, Marco"]
[Black "Eigemann, Julian"]
[Result "1/2-1/2"]
[Termination "normal"]
[Board "9"]
[WhiteElo "2049"]
[BlackElo "1841"]
[PlyCount "137"]
[WhiteFideId "24604330"]
[BlackFideId "24666599"]
[EventCountry "GER"]
[EventRounds "9"]
[EventType "swiss"]
[EventDate "2010.05.22"]

1. f4 d5 2. Nf3 Nf6 3. e3 c6 4. b3 Bg4 5. Be2 Nbd7 6. Bb2 Bxf3 7. Bxf3 Qc7 8.
d3 e5 9. fxe5 Nxe5 10. Nd2 Bd6 11. Qe2 O-O-O 12. O-O-O Rhe8 13. e4 Bb4 14. Qf2
Kb8 15. exd5 cxd5 16. Kb1 Nfg4 17. Bxg4 Nxg4 18. Qd4 Ne3 19. c3 Nxd1 20. Rxd1
Bf8 21. Nf1 f6 22. Qh4 Qe5 23. Ng3 h6 24. Rd2 Qg5 25. Qxg5 hxg5 26. h3 d4 27.
Ne4 f5 28. Nxg5 Re1+ 29. Kc2 Bb4 30. Nf3 dxc3 31. Bxc3 Bxc3 32. Kxc3 Rc1+ 33.
Kb2 Rc7 34. d4 Kc8 35. Re2 Rd6 36. Re8+ Kd7 37. Rg8 Ke6 38. Re8+ Kf7 39. Re5
Kf6 40. Re8 Re6 41. Rf8+ Ke7 42. Rxf5 Re2+ 43. Ka3 Rxg2 44. Ne5 Ke6 45. Rf8 Rh2
46. Re8+ Kd5 47. Rd8+ Ke4 48. Nc4 Rxh3 49. Kb4 Rh4 50. d5 Kd3 51. d6 Rcxc4+ 52.
bxc4 Rxc4+ 53. Kb5 Rc6 54. Rg8 Rxd6 55. Rxg7 Rb6+ 56. Kc5 Kc3 57. Rg3+ Kb2 58.
a4 Rb3 59. Rg2+ Ka3 60. a5 a6 61. Rg1 Ka4 62. Ra1+ Ra3 63. Rb1 Kxa5 64. Rxb7
Rc3+ 65. Kd4 Rc8 66. Rb1 Ka4 67. Ra1+ Kb5 68. Rb1+ Ka5 69. Ra1+ 1/2-1/2

[Event "ODEM U25 2010"]
[Site "Oberhof GER"]
[Date "2010.05.26"]
[Round "6"]
[White "Valet, Alexander"]
[Black "Remy, Janina"]
[Result "1/2-1/2"]
[Termination "normal"]
[Board "10"]
[WhiteElo "1901"]
[BlackElo "1989"]
[PlyCount "59"]
[WhiteFideId "24682560"]
[BlackFideId "24627348"]
[EventCountry "GER"]
[EventRounds "9"]
[EventType "swiss"]
[EventDate "2010.05.22"]

1. e4 c5 2. Nc3 a6 3. d3 b5 4. g3 Bb7 5. Bg2 e6 6. Nf3 d6 7. O-O Be7 8. Re1 Nd7
9. Bf4 Ngf6 10. e5 dxe5 11. Nxe5 Bxg2 12. Kxg2 Nxe5 13. Bxe5 O-O 14. Qf3 Nd7
15. Bf4 Re8 16. Ne4 Bf6 17. Nxf6+ Qxf6 18. Qc6 Qd8 19. Re2 Qc8 20. Qxc8 Raxc8
21. Rd1 Nf6 22. Red2 h6 23. c3 Nd5 24. Be3 Rc6 25. c4 Nxe3+ 26. fxe3 Rd6 27.
cxb5 axb5 28. Rc2 c4 29. d4 Red8 30. a4 1/2-1/2

[Event "ODEM U25 2010"]
[Site "Oberhof GER"]
[Date "2010.05.26"]
[Round "6"]
[White "Huhnstock, Rico"]
[Black "Meiser, Michael"]
[Result "1/2-1/2"]
[Termination "normal"]
[Board "11"]
[WhiteElo "1918"]
[BlackElo "1967"]
[PlyCount "92"]
[WhiteFideId "24642932"]
[BlackFideId "24659762"]
[EventCountry "GER"]
[EventRounds "9"]
[EventType "swiss"]
[EventDate "2010.05.22"]

1. e4 c5 2. Nc3 Nc6 3. f4 d6 4. Nf3 Nf6 5. Bc4 e6 6. O-O a6 7. a4 Be7 8. d3 O-O
9. Qe1 d5 10. Bb3 dxe4 11. Nxe4 b6 12. Bd2 Nd4 13. Nxd4 Qxd4+ 14. Rf2 Nxe4 15.
Qxe4 Qxe4 16. dxe4 c4 17. Bxc4 Bc5 18. Bd3 Re8 19. Kf1 Bxf2 20. Kxf2 e5 21. f5
Rd8 22. Be3 Rd6 23. a5 b5 24. Ra3 g6 25. g4 Rc6 26. Bd2 Bb7 27. Rc3 Rac8 28.
Rxc6 Rxc6 29. Bc3 f6 30. Bb4 Rc7 31. h3 Kf7 32. Bd6 Rc6 33. Bb4 gxf5 34. gxf5
Ke8 35. Bd2 Rc7 36. b4 Ke7 37. Kg3 Bc6 38. Be3 Rd7 39. Kf2 Rd8 40. Bc5+ Kf7 41.
Be3 Be8 42. Bb6 Rc8 43. Bc5 Kg7 44. c4 Rd8 45. Ke3 Bc6 46. cxb5 Rxd3+ 1/2-1/2

[Event "ODEM U25 2010"]
[Site "Oberhof GER"]
[Date "2010.05.26"]
[Round "6"]
[White "Höpfner, Tim"]
[Black "Becker, Carsten"]
[Result "1-0"]
[Termination "normal"]
[Board "12"]
[WhiteElo "1877"]
[BlackElo "2007"]
[PlyCount "61"]
[WhiteFideId "4638310"]
[BlackFideId "24646822"]
[EventCountry "GER"]
[EventRounds "9"]
[EventType "swiss"]
[EventDate "2010.05.22"]

1. d4 Nf6 2. c4 c5 3. d5 b5 4. cxb5 a6 5. e3 d6 6. Nc3 g6 7. a4 Bg7 8. Bc4 O-O
9. Nf3 Nbd7 10. O-O Nb6 11. Qd3 Nxc4 12. Qxc4 axb5 13. Nxb5 Ba6 14. Ra3 Qd7 15.
Nd2 Rfb8 16. Rb3 Bxb5 17. axb5 Ra5 18. b6 Ra4 19. Qd3 Qb7 20. e4 Nxe4 21. Qb5
Nxd2 22. Bxd2 Rd4 23. Bc3 Rxd5 24. Qc4 Rg5 25. f3 Qd5 26. Qxd5 Rxd5 27. Ra1
Bd4+ 28. Bxd4 cxd4 29. Kf1 d3 30. Ke1 Kg7 31. b7 1-0